000
00222 a2200109 4500
245
_a
NYANGA YENZOU
_h
Text
020
_a
869225197
100
_a
E MASUNDIRE
650
_a
SHONA LITERATURE
005
20191017173704.0
260
_c
1992
084
_a
NONE
999
_c
10601
_d
10601